Desarrollo humano estudio del ciclo vital (Registro nro. 48787)

Detalles MARC
000 -ENCABEZADO
Número de control [NR] 00943nam a2200265Ia 4500
005 - FECHA Y HORA DE LA ÚLTIMA TRANSACCIÓN
control field 20180313062207.0
008 - DE LONGITUD FIJA DE DATOS DE ELEMENTOS - INFORMACIÓN GENERAL
Elementos de longitud fija [NR] 130821s1997 mx ado gr 1 spa d
020 ## - NUMERO INTERNACIONAL NORMALIZADO PARA LIBROS [R]
Número Internacional Normalizado del libro [NR] 9688808083
040 ## - FUENTE DE CATALOGACION [NR]
Agencia de catalogación original [NR] Co-BoUCM
Idioma de catalogación [NR] spa
Quien Cataloga Sandra Palacio (modificó)
Quien Clasifica [Nuevo]
041 1# - CODIGO DE IDIOMA [R]
Código de idioma para texto/pista de sonido o título separado [R] Español
060 ## - SIGNATURA TOPOGRAFICA DE LA BIBLIOTECA NACIONAL DE MEDICINA (NLM) [R]
Número clasificador [R] WS 103
100 1# - ASIENTO PRINCIPAL--NOMBRE PERSONAL [NR]
Nombre personal [NR] Rice, F. Philip
ID Autoridad 76814
245 10 - MENCION DE TITULO [NR]
Título [NR] Desarrollo humano estudio del ciclo vital
Mención de responsabilidad, etc. [NR] F. Philip Rice; traducción de María Elena Ortiz Salinas
250 ## - MENCION DE EDICION [NR]
Mención de edición [NR] 2a. ed.
260 ## - PUBLICACION, DISTRIBUCION, ETC. (PIE DE IMPRENTA) [R]
Lugar de publicación, distribución, etc. [R] México D.F. (México)
Nombre del editor, distribuidor, etc. [R] Prentice-Hall
Fecha de publicación, distribución, etc. [R] 1997
300 ## - DESCRIPCION FISICA [R]
Extensión [R] xxvii, 668 páginas
Otros detalles físicos [NR] ilustraciones, cuadros, tablas, fotografías
650 04 - ASIENTO SECUNDARIO DE MATERIA - TERMINO TEMATICO [R]
Término temático o nombre geográfico como elemento de entrada [NR] Desarrollo humano
9 (RLIN) 12968
650 04 - ASIENTO SECUNDARIO DE MATERIA - TERMINO TEMATICO [R]
Término temático o nombre geográfico como elemento de entrada [NR] Pediatría
9 (RLIN) 21221
650 04 - ASIENTO SECUNDARIO DE MATERIA - TERMINO TEMATICO [R]
Término temático o nombre geográfico como elemento de entrada [NR] Psicología evolutiva
9 (RLIN) 22835
650 04 - ASIENTO SECUNDARIO DE MATERIA - TERMINO TEMATICO [R]
Término temático o nombre geográfico como elemento de entrada [NR] Psicología
9 (RLIN) 8001
700 1# - ASIENTO SECUNDARIO - NOMBRE PERSONAL [R]
Nombre personal [NR] Ortiz Salinas, María Elena
9 (RLIN) 48301
765 10 - ASIENTO DE IDIOMA ORIGINAL [R]
Asiento principal [NR] Human development
Edición [NR] a life-span approach
942 ## - ELEMENTOS DE ENTRADA AGREGADOS (KOHA)
Tipo de ítem principal el descrito en 300a Libro
Tema principal Psicología
Edición 2
Parte restante de la signatura top. R495d
Sistema de clasificación NLM
Clasificación WS 103
Título oculto en OPAC No
Existencias
Fecha de último préstamo Total préstamos Total Renewals Signatura topográfica Código de barras Última vez visto Volúmen / Fascículo Ejemplar Price effective from Tipo de ítem Perdido Sistema de clasificación Dañado No prestable Tipo de ítem específico Suprimido Ubicación habitual Ubicación actual Localización Fecha de creación Forma de adquisición Costo Costo de reposición Proveedor
      305.2 R495d 100149131 09/12/2025 2a.Ed. Ej.3 13/04/2016 Libro   DEWEY     Libro   Claustro Claustro 2do piso 13/04/2016 Compra 370000.00 370000.00 37
06/08/2024 68 3 WS 103 R495d 200016489 12/12/2025 2a. Ed. Ej.2 03/02/2013 Libro   NLM     Libro   Quinta de Mutis Quinta de Mutis 2do piso 08/02/2008 Compra 191214.00    
05/08/2024 40 6 WS 103 R495d 200011843 12/12/2025 2a. Ed. Ej.1 03/02/2013 Libro   NLM     Libro   Quinta de Mutis Quinta de Mutis 2do piso 28/02/2006 Compra 76360.00